00719nam a2200193Ia 4500003000900000008004100009040001600050080001700066110004300083245014500126260005300271300001200324650002000336650002200356650003200378942000700410999001500417952009300432IN-BaIIA211028s9999 xx 000 0 eng d cIIA Library a92:5bINSA-7 aIndian National Science Academy910909 0aBiographical memoirs of fellows of the Indian national science academybvol. 7cIndian National Science Academy  aNew DelhibIndian National Science Academyc1983 av, 201p aBiography91224 aBiography-Memoirs aIndian Scientists-Biography cBK c8186d8186 00104070aBANbBANcGENd1985-04-02l0o92:5/ INSA-7p9025r2021-11-05w1985-04-02yBK